000 00644nam a2200241Ia 4500
003 OSt
005 20221007064331.0
006 a|||||r|||| 00| 0
007 ta
008 221006b |||||||| |||| 00| 0 eng d
024 _a3,994
037 _cTextual
040 _aFLL
_cFLL
_beng
041 _2eng
_aeng
082 _aZ:5, K0;2
100 _aHall Jerome
_9685668
245 0 _aGeneral principles of criminal law
250 _a2nd
260 _aDelhi
_bBobbs-merrill India
_c1960
650 _aGeneral principles of criminal law
_9685669
942 _hZ:5, K0;2
_cTEXL
_2CC
999 _c1133740
_d1133740